The signature in electronic conveyancing: an unresolved issue? (Record no. 74095)

MARC details
000 -LEADER
fixed length control field 01323cab a2200229 4500
001 - CONTROL NUMBER
control field ABS67457
008 - FIXED-LENGTH DATA ELEMENTS--GENERAL INFORMATION
fixed length control field 040203n2003 000 0 eng u
035 ## - SYSTEM CONTROL NUMBER
System control number (Sirsi) u124984
100 ## - MAIN ENTRY--PERSONAL NAME
Personal name Mason, S.
245 #4 - TITLE STATEMENT
Title The signature in electronic conveyancing: an unresolved issue?
260 ## - PUBLICATION, DISTRIBUTION, ETC.
Date of publication, distribution, etc. 2003
490 ## - SERIES STATEMENT
Series statement The Conveyancer
Volume/sequential designation (67) November/December 2003, 460-472(13)
520 ## - SUMMARY, ETC.
Summary, etc. Examines in detail the concept of digital signatures in electronic conveyancing as laid down in the Land Registration Act 2002 s91. Sets out the statutory background, explains what digital signatures are and how they are used, describes the security issues arising out of their use and discusses the legal implications of possible security failures. Concludes that practitioners should scrutinise very carefully the proposals that HM Land Registry will make as to the conditions to govern access to an electronic conveyancing system, as to the security requirements to be imposed on users and as to how risks of forgery will be allocated (expressly or by implication).
590 ## - LOCAL NOTE (RLIN)
Local note ABS
650 ## - SUBJECT ADDED ENTRY--TOPICAL TERM
Topical term or geographic name entry element PEPPER V HART
650 ## - SUBJECT ADDED ENTRY--TOPICAL TERM
Topical term or geographic name entry element ELECTRONIC COMMUNICATIONS ACT 2000
650 ## - SUBJECT ADDED ENTRY--TOPICAL TERM
Topical term or geographic name entry element LAND REGISTRATION ACT 2002 S91
650 ## - SUBJECT ADDED ENTRY--TOPICAL TERM
Topical term or geographic name entry element DIGITAL SIGNATURES
690 ## - LOCAL SUBJECT ADDED ENTRY--TOPICAL TERM (OCLC, RLIN)
Topical term or geographic name as entry element PROPERTY AND LAND LAW-CONVEYANCING
700 ## - ADDED ENTRY--PERSONAL NAME
Personal name Bohm, N.
942 ## - ADDED ENTRY ELEMENTS (KOHA)
Suppress in OPAC 0
Holdings
Withdrawn status Lost status Source of classification or shelving scheme Damaged status Not for loan Home library Current library Shelving location Date acquired Total Checkouts Full call number Barcode Date last seen Copy number Price effective from Koha item type
    Dewey Decimal Classification     London London Journal article 03/02/2004   ABS67457 124984-1001 06/08/2019 1 06/08/2019 Journal article